00763nam a2200241Ia 4500003000900000008004100009040001300050040001300063041000800076100001600084100001000100245009200110250001200202260001200214260000900226300001100235300001200246490003300258490000800291942000700299999001700306952019800323IT-RoPAU120407s9999 xx 000 0 und d aIT-RoPAU cIT-RoPAU aita aJean Piaget ccoll. aTratato di psicologia sperimentale. Storia e metodo. A cura di P. Fraisse e M. Reuchlin aTorino  aEinaudi c1963 a339 p. c21,5 cm aNuova Biblioteca scientifica v421 cBK c32967d32967 00102ddc406152_90000000000000071aPAULUSbPAULUSd2012-04-11l0o152.9r2012-04-11 00:00:00w2012-04-11yBKzInserito da: Mario In data: 19 settembre 2011 fondo: Via A.Severo 56 Progr:35526